=LDR 00000nam 2200000 4500 =001 INLIS000000000009651 =005 20130612101434 =008 ***********************************Ind** =035 ##$$0010-061300000009651 =041 ##$$a Ind =082 ##$$a 372.6 =090 ##$$a 372.6, Sur l =100 ##$$a Suroto =245 ##$$a Latihan Menulis Huruf Tegak Bersambung, Suroto =260 ##$$a 1992 $b Bekasi =300 ##$$a ... Jil, 21 cm =650 ##$$a Menulis (Pendidikan Dasar) =850 ##$$a NBPNMAT